Hazard communication, issues and implementation : (Record no. 14304)

000 -LEADER
fixed length control field 00725cam a2200229 a 4500
020 ## - INTERNATIONAL STANDARD BOOK NUMBER
ISBN 0803109334 (pbk.)
040 ## - CATALOGING SOURCE
Transcribing agency DLC
082 00 - DEWEY DECIMAL CLASSIFICATION NUMBER
Classification number 344 AST 1986 A065 Or.
-- 347.304465
245 00 - TITLE STATEMENT
Title Hazard communication, issues and implementation :
Remainder of title a symposium /
260 ## - PUBLICATION, DISTRIBUTION, ETC. (IMPRINT)
Place of publication Philadelphia, PA :
Name of publisher ASTM,
Year of publication c1986.
300 ## - PHYSICAL DESCRIPTION
Number of Pages 233 p. ;
Dimensions 23 cm.
500 ## - GENERAL NOTE
General note "ASTM publication code number (PCN) 04-932000-55."
650 #0 - SUBJECT ADDED ENTRY--TOPICAL TERM
Topical Term Industrial hygiene
650 #0 - SUBJECT ADDED ENTRY--TOPICAL TERM
Topical Term Hazardous substances
650 #0 - SUBJECT ADDED ENTRY--TOPICAL TERM
Topical Term Industrial safety
650 #0 - SUBJECT ADDED ENTRY--TOPICAL TERM
Topical Term Industrial hygiene
650 #0 - SUBJECT ADDED ENTRY--TOPICAL TERM
Topical Term Hazardous substances
650 #0 - SUBJECT ADDED ENTRY--TOPICAL TERM
Topical Term Industrial safety
700 1# - ADDED ENTRY--PERSONAL NAME
Personal name Brower, James E.
710 2# - ADDED ENTRY--CORPORATE NAME
Corporate name or jurisdiction name as entry element ASTM Committee E-34 on Occupational Health and Safety.
942 ## - ADDED ENTRY ELEMENTS (KOHA)
Koha item type សៀវភៅភាសាអង់គ្លេស
952 ## - LOCATION AND ITEM INFORMATION (KOHA)
Withdrawn status [LOCAL, KOHA] 0
Holdings
Permanent Location Date acquired Koha item type Lost status Shelving location Barcode Current Location Full call number
Library Block A2017-10-12សៀវភៅភាសាអង់គ្លេស A065A21939Library Block A344 AST 1986 A065 Or.
មជ្ឈមណ្ឌលឯការនៃសាកលវិទ្យាល័យភូមិន្ទកសិកម្មចំការដូង

Powered by Koha